[Event "DEM U14 2024"]
[Site "Willingen GER"]
[Date "2024.05.22"]
[Round "5"]
[White "Skembris, Simon Max"]
[Black "Nemitz, Alfred"]
[Result "0-1"]
[Termination "normal"]
[Board "4"]
[BlackTitle "FM"]
[WhiteElo "2009"]
[BlackElo "2220"]
[WhiteClock "00:17:16"]
[BlackClock "00:14:41"]
[PlyCount "64"]
[WhiteFideId "16281381"]
[BlackFideId "34601791"]
[EventCountry "GER"]
[EventRounds "9"]
[EventType "swiss"]
[EventDate "2024.05.18"]

1. e4 {[%clk 01:30:45]} {[%emt 00:00:15]} d5 {[%clk 01:30:43]} {[%emt
00:00:17]} 2. exd5 {[%clk 01:30:41]} {[%emt 00:00:33]} Nf6 {[%clk 01:26:11]}
{[%emt 00:05:04]} 3. Nf3 {[%clk 01:28:11]} {[%emt 00:03:00]} Nxd5 {[%clk
01:24:37]} {[%emt 00:02:04]} 4. d4 {[%clk 01:27:55]} {[%emt 00:00:46]} Bf5
{[%clk 01:25:03]} {[%emt 00:00:04]} 5. Bd3 {[%clk 01:26:04]} {[%emt 00:02:21]}
Bxd3 {[%clk 01:25:18]} {[%emt 00:00:15]} 6. Qxd3 {[%clk 01:26:25]} {[%emt
00:00:09]} e6 {[%clk 01:25:45]} {[%emt 00:00:02]} 7. a3 {[%clk 01:23:46]}
{[%emt 00:03:10]} c5 {[%clk 01:23:12]} {[%emt 00:03:03]} 8. O-O {[%clk
01:19:20]} {[%emt 00:04:51]} Nc6 {[%clk 01:22:57]} {[%emt 00:00:50]} 9. dxc5
{[%clk 01:17:40]} {[%emt 00:02:10]} Bxc5 {[%clk 01:20:13]} {[%emt 00:03:09]}
10. b4 {[%clk 01:15:05]} {[%emt 00:03:08]} Bd6 {[%clk 01:18:04]} {[%emt
00:02:39]} 11. c4 {[%clk 01:07:21]} {[%emt 00:08:16]} Nf4 {[%clk 00:51:53]}
{[%emt 00:26:41]} 12. Qe4 {[%clk 01:00:33]} {[%emt 00:07:17]} Qf6 {[%clk
00:50:46]} {[%emt 00:01:37]} 13. Ra2 {[%clk 00:58:02]} {[%emt 00:03:01]} O-O
{[%clk 00:49:09]} {[%emt 00:02:06]} 14. Rd2 {[%clk 00:53:42]} {[%emt 00:04:52]}
e5 {[%clk 00:38:20]} {[%emt 00:11:20]} 15. c5 {[%clk 00:48:50]} {[%emt
00:05:21]} Bc7 {[%clk 00:38:10]} {[%emt 00:00:40]} 16. Rd7 {[%clk 00:47:19]}
{[%emt 00:02:01]} Rac8 {[%clk 00:34:38]} {[%emt 00:04:01]} 17. Nc3 {[%clk
00:42:41]} {[%emt 00:05:09]} Rfd8 {[%clk 00:32:11]} {[%emt 00:02:57]} 18. Rfd1
{[%clk 00:39:16]} {[%emt 00:03:54]} Rxd7 {[%clk 00:28:50]} {[%emt 00:03:52]}
19. Rxd7 {[%clk 00:39:03]} {[%emt 00:00:42]} Qe6 {[%clk 00:29:07]} {[%emt
00:00:13]} 20. Rd1 {[%clk 00:33:28]} {[%emt 00:06:05]} f5 {[%clk 00:26:03]}
{[%emt 00:03:34]} 21. Qc2 {[%clk 00:26:04]} {[%emt 00:07:54]} e4 {[%clk
00:25:29]} {[%emt 00:01:04]} 22. Bxf4 {[%clk 00:22:06]} {[%emt 00:04:29]} Bxf4
{[%clk 00:24:52]} {[%emt 00:01:06]} 23. Nd4 {[%clk 00:21:17]} {[%emt 00:01:20]}
Nxd4 {[%clk 00:24:01]} {[%emt 00:01:21]} 24. Rxd4 {[%clk 00:21:39]} {[%emt
00:00:08]} Bxh2+ {[%clk 00:24:09]} {[%emt 00:00:22]} 25. Kf1 {[%clk 00:19:53]}
{[%emt 00:02:15]} Be5 {[%clk 00:24:22]} {[%emt 00:00:16]} 26. Rd5 {[%clk
00:19:05]} {[%emt 00:01:20]} Bxc3 {[%clk 00:23:54]} {[%emt 00:00:58]} 27. Qb3
{[%clk 00:19:25]} {[%emt 00:00:10]} Qf7 {[%clk 00:22:23]} {[%emt 00:02:00]} 28.
b5 {[%clk 00:19:21]} {[%emt 00:00:34]} Bf6 {[%clk 00:22:12]} {[%emt 00:00:40]}
29. Qd1 {[%clk 00:18:34]} {[%emt 00:01:18]} f4 {[%clk 00:20:50]} {[%emt
00:01:53]} 30. c6 {[%clk 00:18:04]} {[%emt 00:00:59]} bxc6 {[%clk 00:19:32]}
{[%emt 00:01:49]} 31. bxc6 {[%clk 00:18:20]} {[%emt 00:00:14]} h6 {[%clk
00:18:59]} {[%emt 00:01:02]} 32. Rc5 {[%clk 00:17:16]} {[%emt 00:01:34]} e3
{[%clk 00:14:41]} {[%emt 00:04:48]} 0-1

[Event "DEM U14 2024"]
[Site "Willingen GER"]
[Date "2024.05.22"]
[Round "5"]
[White "Lu, Yunong Elias"]
[Black "Neuhoff, Laertes"]
[Result "1/2-1/2"]
[Termination "normal"]
[Board "5"]
[WhiteElo "1990"]
[BlackElo "2089"]
[WhiteClock "00:21:22"]
[BlackClock "00:33:30"]
[PlyCount "86"]
[WhiteFideId "16276426"]
[BlackFideId "16279719"]
[EventCountry "GER"]
[EventRounds "9"]
[EventType "swiss"]
[EventDate "2024.05.18"]

1. e4 {[%clk 01:30:57]} {[%emt 00:00:02]} c5 {[%clk 01:31:00]} 2. Nf3 {[%clk
01:31:17]} {[%emt 00:00:10]} a6 {[%clk 01:31:27]} {[%emt 00:00:03]} 3. c4
{[%clk 01:30:20]} {[%emt 00:01:27]} Nc6 {[%clk 01:31:48]} {[%emt 00:00:10]} 4.
b3 {[%clk 01:29:25]} {[%emt 00:01:25]} e5 {[%clk 01:31:52]} {[%emt 00:00:25]}
5. g3 {[%clk 01:28:56]} {[%emt 00:00:59]} g6 {[%clk 01:31:27]} {[%emt
00:00:55]} 6. Bg2 {[%clk 01:29:20]} {[%emt 00:00:06]} Bg7 {[%clk 01:31:43]}
{[%emt 00:00:14]} 7. O-O {[%clk 01:29:39]} {[%emt 00:00:11]} Nge7 {[%clk
01:31:54]} {[%emt 00:00:18]} 8. Bb2 {[%clk 01:27:59]} {[%emt 00:02:10]} O-O
{[%clk 01:31:49]} {[%emt 00:00:36]} 9. d3 {[%clk 01:26:09]} {[%emt 00:02:20]}
b5 {[%clk 01:23:04]} {[%emt 00:09:15]} 10. Nc3 {[%clk 01:17:00]} {[%emt
00:09:39]} b4 {[%clk 01:14:58]} {[%emt 00:08:36]} 11. Ne2 {[%clk 01:07:14]}
{[%emt 00:10:15]} Bb7 {[%clk 01:10:19]} {[%emt 00:05:09]} 12. Nh4 {[%clk
01:04:37]} {[%emt 00:03:07]} Nd4 {[%clk 01:04:16]} {[%emt 00:06:34]} 13. Bxd4
{[%clk 00:53:04]} {[%emt 00:12:02]} exd4 {[%clk 01:03:25]} {[%emt 00:01:22]}
14. f4 {[%clk 00:47:31]} {[%emt 00:06:02]} f5 {[%clk 00:59:30]} {[%emt
00:04:25]} 15. exf5 {[%clk 00:43:25]} {[%emt 00:04:36]} Bxg2 {[%clk 00:58:07]}
{[%emt 00:01:54]} 16. Kxg2 {[%clk 00:43:49]} {[%emt 00:00:05]} Bf6 {[%clk
00:52:17]} {[%emt 00:06:21]} 17. fxg6 {[%clk 00:37:05]} {[%emt 00:07:14]} Bxh4
{[%clk 00:50:14]} {[%emt 00:02:32]} 18. gxh7+ {[%clk 00:35:17]} {[%emt
00:02:19]} Kh8 {[%clk 00:50:25]} {[%emt 00:00:19]} 19. gxh4 {[%clk 00:33:54]}
{[%emt 00:01:52]} Nf5 {[%clk 00:50:37]} {[%emt 00:00:19]} 20. Qd2 {[%clk
00:27:54]} {[%emt 00:06:29]} Ne3+ {[%clk 00:50:53]} {[%emt 00:00:14]} 21. Kh3
{[%clk 00:27:37]} {[%emt 00:00:47]} Nxf1 {[%clk 00:47:17]} {[%emt 00:04:06]}
22. Rxf1 {[%clk 00:27:36]} {[%emt 00:00:31]} Qf6 {[%clk 00:47:03]} {[%emt
00:00:44]} 23. Ng3 {[%clk 00:26:17]} {[%emt 00:01:49]} Rae8 {[%clk 00:46:58]}
{[%emt 00:00:35]} 24. f5 {[%clk 00:23:46]} {[%emt 00:03:01]} Re3 {[%clk
00:47:04]} {[%emt 00:00:24]} 25. Qd1 {[%clk 00:20:08]} {[%emt 00:04:04]} Rf7
{[%clk 00:45:00]} {[%emt 00:02:38]} 26. Rf4 {[%clk 00:17:22]} {[%emt 00:03:16]}
Rxh7 {[%clk 00:43:40]} {[%emt 00:01:49]} 27. Qh1 {[%clk 00:16:17]} {[%emt
00:01:35]} Rg7 {[%clk 00:40:22]} {[%emt 00:03:49]} 28. Qd1 {[%clk 00:06:38]}
{[%emt 00:10:09]} Qe5 {[%clk 00:27:02]} {[%emt 00:13:50]} 29. Qh5+ {[%clk
00:05:26]} {[%emt 00:01:43]} Kg8 {[%clk 00:27:22]} {[%emt 00:00:09]} 30. Rg4
{[%clk 00:05:46]} {[%emt 00:00:10]} Rxg4 {[%clk 00:21:53]} {[%emt 00:05:59]}
31. Qxg4+ {[%clk 00:06:03]} {[%emt 00:00:13]} Qg7 {[%clk 00:21:57]} {[%emt
00:00:26]} 32. Qh5 {[%clk 00:05:25]} {[%emt 00:01:08]} Kf8 {[%clk 00:21:50]}
{[%emt 00:00:37]} 33. Qd1 {[%clk 00:03:59]} {[%emt 00:01:56]} Qe5 {[%clk
00:17:22]} {[%emt 00:04:58]} 34. Qf1 {[%clk 00:03:19]} {[%emt 00:01:09]} a5
{[%clk 00:13:39]} {[%emt 00:04:14]} 35. Kg4 {[%clk 00:03:04]} {[%emt 00:00:45]}
Qg7+ {[%clk 00:13:17]} {[%emt 00:00:52]} 36. Kh3 {[%clk 00:03:27]} {[%emt
00:00:05]} Qh6 {[%clk 00:13:30]} {[%emt 00:00:20]} 37. Kg4 {[%clk 00:02:47]}
{[%emt 00:01:03]} Qg7+ {[%clk 00:12:12]} {[%emt 00:01:54]} 38. Kh3 {[%clk
00:03:11]} {[%emt 00:00:06]} Qe5 {[%clk 00:07:18]} {[%emt 00:05:24]} 39. Kg4
{[%clk 00:03:34]} {[%emt 00:00:08]} d5 {[%clk 00:07:16]} {[%emt 00:00:32]} 40.
cxd5 {[%clk 00:03:26]} {[%emt 00:00:37]} Qxd5 {[%clk 00:07:30]} {[%emt
00:00:16]} 41. h5 {[%clk 00:23:22]} {[%emt 00:10:33]} Qg8+ {[%clk 00:36:03]}
{[%emt 00:01:58]} 42. Kh4 {[%clk 00:23:15]} {[%emt 00:00:36]} Qg7 {[%clk
00:34:17]} {[%emt 00:02:17]} 43. f6 {[%clk 00:21:22]} {[%emt 00:02:24]} Qh7
{[%clk 00:33:30]} {[%emt 00:01:16]} 1/2-1/2

[Event "DEM U14 2024"]
[Site "Willingen GER"]
[Date "2024.05.22"]
[Round "5"]
[White "Yasmo, Daniil"]
[Black "Albrecht, Neil"]
[Result "1-0"]
[Termination "normal"]
[Board "6"]
[WhiteElo "2067"]
[BlackElo "1938"]
[WhiteClock "00:13:39"]
[BlackClock "00:18:55"]
[PlyCount "113"]
[WhiteFideId "14199165"]
[BlackFideId "34621091"]
[EventCountry "GER"]
[EventRounds "9"]
[EventType "swiss"]
[EventDate "2024.05.18"]

1. e4 {[%clk 01:30:57]} {[%emt 00:00:02]} c5 {[%clk 01:30:55]} {[%emt
00:00:06]} 2. Nf3 {[%clk 01:31:23]} {[%emt 00:00:04]} a6 {[%clk 01:31:17]}
{[%emt 00:00:09]} 3. c4 {[%clk 01:31:47]} {[%emt 00:00:05]} Nc6 {[%clk
01:31:32]} {[%emt 00:00:15]} 4. d4 {[%clk 01:32:09]} {[%emt 00:00:07]} cxd4
{[%clk 01:29:38]} {[%emt 00:02:25]} 5. Nxd4 {[%clk 01:32:35]} {[%emt 00:00:04]}
e5 {[%clk 01:29:50]} {[%emt 00:00:18]} 6. Nf5 {[%clk 01:33:00]} {[%emt
00:00:05]} d5 {[%clk 01:29:54]} {[%emt 00:00:27]} 7. cxd5 {[%clk 01:33:24]}
{[%emt 00:00:05]} Bxf5 {[%clk 01:30:19]} {[%emt 00:00:05]} 8. exf5 {[%clk
01:33:50]} {[%emt 00:00:04]} Nd4 {[%clk 01:30:41]} {[%emt 00:00:08]} 9. Nc3
{[%clk 01:34:13]} {[%emt 00:00:08]} Nf6 {[%clk 01:30:47]} {[%emt 00:00:23]} 10.
g4 {[%clk 01:34:33]} {[%emt 00:00:10]} h5 {[%clk 01:29:36]} {[%emt 00:01:41]}
11. g5 {[%clk 01:34:50]} {[%emt 00:00:13]} Nxd5 {[%clk 01:29:28]} {[%emt
00:00:38]} 12. Bg2 {[%clk 01:34:50]} {[%emt 00:00:29]} Bb4 {[%clk 01:28:59]}
{[%emt 00:01:00]} 13. Bd2 {[%clk 01:34:47]} {[%emt 00:00:32]} Nf4 {[%clk
01:26:57]} {[%emt 00:02:33]} 14. Bxf4 {[%clk 01:12:34]} {[%emt 00:22:44]} exf4
{[%clk 01:27:16]} {[%emt 00:00:10]} 15. O-O {[%clk 01:11:16]} {[%emt 00:01:48]}
f3 {[%clk 01:24:40]} {[%emt 00:03:06]} 16. Bxf3 {[%clk 01:01:56]} {[%emt
00:09:50]} Nxf3+ {[%clk 01:14:30]} {[%emt 00:10:40]} 17. Qxf3 {[%clk 01:02:19]}
{[%emt 00:00:07]} Qxg5+ {[%clk 01:14:39]} {[%emt 00:00:22]} 18. Kh1 {[%clk
01:01:32]} {[%emt 00:01:16]} Bxc3 {[%clk 01:11:39]} {[%emt 00:03:30]} 19. Qxc3
{[%clk 00:57:03]} {[%emt 00:04:59]} O-O {[%clk 00:53:51]} {[%emt 00:18:18]} 20.
Rg1 {[%clk 00:54:56]} {[%emt 00:02:36]} Qh6 {[%clk 00:51:36]} {[%emt 00:02:46]}
21. Rxg7+ {[%clk 00:51:22]} {[%emt 00:04:04]} Qxg7 {[%clk 00:52:00]} {[%emt
00:00:06]} 22. Rg1 {[%clk 00:51:46]} {[%emt 00:00:05]} Qxg1+ {[%clk 00:51:08]}
{[%emt 00:01:22]} 23. Kxg1 {[%clk 00:52:12]} {[%emt 00:00:04]} f6 {[%clk
00:43:48]} {[%emt 00:07:51]} 24. Qf3 {[%clk 00:49:58]} {[%emt 00:02:44]} Rf7
{[%clk 00:42:53]} {[%emt 00:01:25]} 25. Qxh5 {[%clk 00:49:03]} {[%emt
00:01:25]} Rc8 {[%clk 00:41:13]} {[%emt 00:02:09]} 26. Qd1 {[%clk 00:47:05]}
{[%emt 00:02:28]} Rc5 {[%clk 00:39:16]} {[%emt 00:02:27]} 27. Qd8+ {[%clk
00:41:26]} {[%emt 00:06:09]} Kg7 {[%clk 00:38:08]} {[%emt 00:01:39]} 28. Qd3
{[%clk 00:41:03]} {[%emt 00:00:52]} Rfc7 {[%clk 00:36:15]} {[%emt 00:02:24]}
29. Kg2 {[%clk 00:39:00]} {[%emt 00:02:33]} Re7 {[%clk 00:30:23]} {[%emt
00:06:22]} 30. Kf3 {[%clk 00:36:06]} {[%emt 00:03:24]} Rb5 {[%clk 00:28:50]}
{[%emt 00:02:03]} 31. b3 {[%clk 00:34:36]} {[%emt 00:02:00]} Ree5 {[%clk
00:27:48]} {[%emt 00:01:30]} 32. Qd7+ {[%clk 00:32:07]} {[%emt 00:03:01]} Kh6
{[%clk 00:26:54]} {[%emt 00:01:24]} 33. Kg4 {[%clk 00:28:20]} {[%emt 00:04:17]}
Re4+ {[%clk 00:24:40]} {[%emt 00:02:43]} 34. f4 {[%clk 00:27:30]} {[%emt
00:01:20]} Re1 {[%clk 00:21:17]} {[%emt 00:03:50]} 35. Qd4 {[%clk 00:18:21]}
{[%emt 00:09:41]} Kg7 {[%clk 00:20:05]} {[%emt 00:01:41]} 36. b4 {[%clk
00:18:09]} {[%emt 00:00:44]} Rb1 {[%clk 00:19:23]} {[%emt 00:01:13]} 37. a3
{[%clk 00:18:20]} {[%emt 00:00:19]} b6 {[%clk 00:19:10]} {[%emt 00:00:42]} 38.
h3 {[%clk 00:15:46]} {[%emt 00:03:04]} Kf7 {[%clk 00:18:45]} {[%emt 00:00:56]}
39. h4 {[%clk 00:14:10]} {[%emt 00:02:05]} Kg7 {[%clk 00:17:46]} {[%emt
00:01:29]} 40. h5 {[%clk 00:14:18]} {[%emt 00:00:22]} Kh7 {[%clk 00:17:21]}
{[%emt 00:00:56]} 41. Qxf6 {[%clk 00:13:48]} {[%emt 00:00:59]} Rg1+ {[%clk
00:17:40]} {[%emt 00:00:12]} 42. Kf3 {[%clk 00:13:50]} {[%emt 00:00:27]} Rg7
{[%clk 00:16:28]} {[%emt 00:01:42]} 43. h6 {[%clk 00:13:57]} {[%emt 00:00:24]}
Rg1 {[%clk 00:16:51]} {[%emt 00:00:07]} 44. Qe6 {[%clk 00:12:59]} {[%emt
00:01:27]} Rf1+ {[%clk 00:16:33]} {[%emt 00:00:49]} 45. Kg3 {[%clk 00:13:15]}
{[%emt 00:00:14]} Rg1+ {[%clk 00:16:54]} {[%emt 00:00:09]} 46. Kf2 {[%clk
00:13:23]} {[%emt 00:00:21]} Rg4 {[%clk 00:17:15]} {[%emt 00:00:10]} 47. Kf3
{[%clk 00:13:42]} {[%emt 00:00:11]} Rg1 {[%clk 00:17:29]} {[%emt 00:00:16]} 48.
f6 {[%clk 00:11:59]} {[%emt 00:02:12]} Rf1+ {[%clk 00:17:02]} {[%emt 00:00:58]}
49. Kg3 {[%clk 00:12:11]} {[%emt 00:00:16]} Rg1+ {[%clk 00:17:17]} {[%emt
00:00:16]} 50. Kf2 {[%clk 00:12:19]} {[%emt 00:00:21]} Rg6 {[%clk 00:17:19]}
{[%emt 00:00:28]} 51. Qe7+ {[%clk 00:11:44]} {[%emt 00:01:06]} Kxh6 {[%clk
00:17:29]} {[%emt 00:00:21]} 52. f7 {[%clk 00:12:00]} {[%emt 00:00:14]} Rf5
{[%clk 00:17:20]} {[%emt 00:00:39]} 53. f8=Q+ {[%clk 00:12:20]} {[%emt
00:00:09]} Rxf8 {[%clk 00:17:45]} {[%emt 00:00:06]} 54. Qxf8+ {[%clk 00:12:42]}
{[%emt 00:00:08]} Kh5 {[%clk 00:18:06]} {[%emt 00:00:04]} 55. f5 {[%clk
00:13:04]} {[%emt 00:00:13]} Rg5 {[%clk 00:18:32]} {[%emt 00:00:03]} 56. Kf3
{[%clk 00:13:16]} {[%emt 00:00:18]} a5 {[%clk 00:18:55]} {[%emt 00:00:07]} 57.
Qh8# {[%clk 00:13:39]} {[%emt 00:00:07]} 1-0

[Event "DEM U14 2024"]
[Site "Willingen GER"]
[Date "2024.05.22"]
[Round "5"]
[White "Nuñez Grégoire, Daniel"]
[Black "Herrmann, Jakob"]
[Result "1-0"]
[Termination "normal"]
[Board "7"]
[WhiteElo "1961"]
[BlackElo "2060"]
[WhiteClock "00:26:22"]
[BlackClock "00:13:27"]
[PlyCount "115"]
[WhiteFideId "34627103"]
[BlackFideId "16287169"]
[EventCountry "GER"]
[EventRounds "9"]
[EventType "swiss"]
[EventDate "2024.05.18"]

1. d4 {[%clk 01:30:58]} {[%emt 00:00:01]} d5 {[%clk 01:30:47]} {[%emt
00:00:09]} 2. c4 {[%clk 01:31:23]} {[%emt 00:00:10]} e6 {[%clk 01:31:13]}
{[%emt 00:00:03]} 3. cxd5 {[%clk 01:31:47]} {[%emt 00:00:07]} exd5 {[%clk
01:31:37]} {[%emt 00:00:05]} 4. Nc3 {[%clk 01:32:13]} {[%emt 00:00:04]} c6
{[%clk 01:32:02]} {[%emt 00:00:05]} 5. Nf3 {[%clk 01:32:39]} {[%emt 00:00:03]}
Bf5 {[%clk 01:32:25]} {[%emt 00:00:08]} 6. Bg5 {[%clk 01:30:49]} {[%emt
00:02:20]} Qb6 {[%clk 01:27:01]} {[%emt 00:05:54]} 7. Na4 {[%clk 01:27:00]}
{[%emt 00:04:19]} Bb4+ {[%clk 01:18:23]} {[%emt 00:09:08]} 8. Bd2 {[%clk
01:26:49]} {[%emt 00:00:41]} Qa5 {[%clk 01:18:48]} {[%emt 00:00:05]} 9. Nc3
{[%clk 01:26:08]} {[%emt 00:01:11]} Nf6 {[%clk 01:18:35]} {[%emt 00:00:43]} 10.
a3 {[%clk 01:25:49]} {[%emt 00:00:49]} Bxc3 {[%clk 01:19:00]} {[%emt 00:00:05]}
11. Bxc3 {[%clk 01:26:00]} {[%emt 00:00:19]} Qb6 {[%clk 01:19:26]} {[%emt
00:00:05]} 12. Nd2 {[%clk 01:21:58]} {[%emt 00:04:31]} O-O {[%clk 01:19:05]}
{[%emt 00:00:50]} 13. e3 {[%clk 01:21:22]} {[%emt 00:01:07]} Re8 {[%clk
01:11:29]} {[%emt 00:08:06]} 14. Be2 {[%clk 01:21:08]} {[%emt 00:00:44]} Nbd7
{[%clk 01:11:42]} {[%emt 00:00:17]} 15. O-O {[%clk 01:20:37]} {[%emt 00:01:01]}
Ne4 {[%clk 01:09:03]} {[%emt 00:03:09]} 16. Nxe4 {[%clk 01:20:28]} {[%emt
00:00:39]} Bxe4 {[%clk 01:09:28]} {[%emt 00:00:05]} 17. Qd2 {[%clk 01:19:44]}
{[%emt 00:01:14]} Qd8 {[%clk 01:07:20]} {[%emt 00:02:37]} 18. f3 {[%clk
01:16:26]} {[%emt 00:03:49]} Bg6 {[%clk 01:07:34]} {[%emt 00:00:16]} 19. Bd3
{[%clk 01:16:20]} {[%emt 00:00:36]} Qg5 {[%clk 01:02:40]} {[%emt 00:05:24]} 20.
Bxg6 {[%clk 01:16:23]} {[%emt 00:00:27]} hxg6 {[%clk 01:01:31]} {[%emt
00:01:39]} 21. Rfe1 {[%clk 01:15:33]} {[%emt 00:01:20]} Qf5 {[%clk 00:48:56]}
{[%emt 00:13:05]} 22. Re2 {[%clk 01:07:39]} {[%emt 00:08:24]} Re6 {[%clk
00:48:45]} {[%emt 00:00:41]} 23. Rd1 {[%clk 01:04:41]} {[%emt 00:03:28]} Rae8
{[%clk 00:48:06]} {[%emt 00:01:09]} 24. Qc1 {[%clk 01:04:12]} {[%emt 00:00:59]}
g5 {[%clk 00:45:15]} {[%emt 00:03:21]} 25. h3 {[%clk 01:01:00]} {[%emt
00:03:42]} Qg6 {[%clk 00:42:14]} {[%emt 00:03:31]} 26. Be1 {[%clk 00:58:13]}
{[%emt 00:03:16]} f5 {[%clk 00:40:55]} {[%emt 00:01:50]} 27. Bg3 {[%clk
00:51:51]} {[%emt 00:06:53]} g4 {[%clk 00:30:19]} {[%emt 00:11:06]} 28. Kf2
{[%clk 00:50:01]} {[%emt 00:02:19]} Nf6 {[%clk 00:27:34]} {[%emt 00:03:15]} 29.
Be5 {[%clk 00:46:54]} {[%emt 00:03:37]} Nh5 {[%clk 00:27:57]} {[%emt 00:00:06]}
30. Rg1 {[%clk 00:40:19]} {[%emt 00:07:06]} Qg5 {[%clk 00:20:40]} {[%emt
00:07:47]} 31. hxg4 {[%clk 00:30:40]} {[%emt 00:10:09]} fxg4 {[%clk 00:20:52]}
{[%emt 00:00:18]} 32. f4 {[%clk 00:30:29]} {[%emt 00:00:41]} Qf5 {[%clk
00:13:13]} {[%emt 00:08:09]} 33. Qc2 {[%clk 00:29:13]} {[%emt 00:01:46]} g3+
{[%clk 00:13:17]} {[%emt 00:00:26]} 34. Ke1 {[%clk 00:29:16]} {[%emt 00:00:27]}
Qf7 {[%clk 00:11:22]} {[%emt 00:02:24]} 35. Rh1 {[%clk 00:26:48]} {[%emt
00:02:59]} Rh6 {[%clk 00:10:11]} {[%emt 00:01:41]} 36. Rh3 {[%clk 00:26:22]}
{[%emt 00:00:56]} Qd7 {[%clk 00:08:37]} {[%emt 00:02:05]} 37. Kd1 {[%clk
00:22:24]} {[%emt 00:04:28]} b6 {[%clk 00:05:45]} {[%emt 00:03:22]} 38. Re1
{[%clk 00:20:37]} {[%emt 00:02:16]} Qg4+ {[%clk 00:05:20]} {[%emt 00:00:54]}
39. Qe2 {[%clk 00:20:13]} {[%emt 00:00:54]} Qf5 {[%clk 00:05:46]} {[%emt
00:00:05]} 40. Kd2 {[%clk 00:19:41]} {[%emt 00:01:03]} g6 {[%clk 00:00:38]}
{[%emt 00:05:37]} 41. Qd3 {[%clk 00:18:15]} {[%emt 00:01:55]} Kf7 {[%clk
00:23:23]} {[%emt 00:07:46]} 42. Reh1 {[%clk 00:46:22]} {[%emt 00:02:23]} Ke6
{[%clk 00:15:32]} {[%emt 00:08:20]} 43. Qxf5+ {[%clk 00:43:59]} {[%emt
00:02:53]} Kxf5 {[%clk 00:15:57]} {[%emt 00:00:06]} 44. Rxg3 {[%clk 00:42:00]}
{[%emt 00:02:29]} Nxg3 {[%clk 00:16:21]} {[%emt 00:00:06]} 45. Rxh6 {[%clk
00:42:25]} {[%emt 00:00:05]} Re6 {[%clk 00:15:40]} {[%emt 00:01:11]} 46. Kd3
{[%clk 00:41:08]} {[%emt 00:01:47]} a5 {[%clk 00:14:11]} {[%emt 00:01:59]} 47.
a4 {[%clk 00:39:54]} {[%emt 00:01:44]} c5 {[%clk 00:12:50]} {[%emt 00:01:50]}
48. dxc5 {[%clk 00:36:11]} {[%emt 00:04:14]} bxc5 {[%clk 00:13:15]} {[%emt
00:00:05]} 49. Rh8 {[%clk 00:35:48]} {[%emt 00:00:52]} Rb6 {[%clk 00:13:25]}
{[%emt 00:00:21]} 50. Rf8+ {[%clk 00:35:36]} {[%emt 00:00:42]} Kg4 {[%clk
00:13:49]} {[%emt 00:00:06]} 51. Rd8 {[%clk 00:33:56]} {[%emt 00:02:08]} Rb3+
{[%clk 00:13:33]} {[%emt 00:00:48]} 52. Bc3 {[%clk 00:32:00]} {[%emt 00:02:26]}
c4+ {[%clk 00:13:22]} {[%emt 00:00:41]} 53. Kd2 {[%clk 00:28:36]} {[%emt
00:03:54]} Nf1+ {[%clk 00:12:32]} {[%emt 00:01:19]} 54. Ke2 {[%clk 00:27:33]}
{[%emt 00:04:51]} Ng3+ {[%clk 00:12:58]} 55. Ke1 {[%clk 00:27:41]} Ne4 {[%clk
00:12:41]} {[%emt 00:00:03]} 56. Rxd5 {[%clk 00:27:17]} {[%emt 00:00:05]} Nxc3
{[%clk 00:13:01]} {[%emt 00:00:01]} 57. bxc3 {[%clk 00:27:13]} {[%emt
00:00:03]} Rxc3 {[%clk 00:13:27]} 58. Kd2 {[%clk 00:26:22]} {[%emt 00:00:45]}
1-0